[Event "AUTO-BEG-239"]
[Site "http://www.queenalice.com/game.php?id=444411"]
[Date "2008.8.6"]
[Round "1"]
[White "dida"]
[Black "dfalencar"]
[Result "1-0"]
[WhiteElo "1412"]
[BlackElo "1529"]

1. e4 e5 2. a3 Nf6 3. f3 Bc5 4. b4 Bd4 5. c3 Bxg1 6. Rxg1 O-O 7. Bb2 d6 8. Qe2
Be6 9. h3 Nc6 10. g4 a6 11. d3 b5 12. Nd2 a5 13. g5 Nh5 14. Bg2 Qxg5 15. O-O-O
Nf4 16. Qe3 Qf6 17. bxa5 Nxa5 18. c4 bxc4 19. dxc4 Nxg2 20. Rxg2 Bxh3 21. Rh2
Be6 22. Rf1 Rfb8 23. Qc3 c6 24. Rfh1 h6 25. Nf1 Nxc4 26. Ng3 Nxb2 27. Nh5 Qg5+
28. Kc2 c5 29. Nxg7 Qxg7 30. Rxh6 Qg2+ 31. Kc1 Nd3+ 32. Qxd3 Rb2 33. Rh8+ Kg7
34. R1h7+ Kf6 35. Rh6+ Ke7 36. Rxa8 Qg5+ 37. Kxb2 Qxh6 38. Ra7+ Bd7 39. Kc3 Qc1+
40. Qc2 Qe1+ 41. Kc4 Qf1+ 42. Kd5 Qxf3 43. a4 Kf6 44. Rxd7 1-0

[Event "AUTO-INT-1076"]
[Site "http://www.queenalice.com/game.php?id=480004"]
[Date "2008.10.20"]
[Round "1"]
[White "SeekingBrightBuffalo"]
[Black "dfalencar"]
[Result "1-0"]
[WhiteElo "1536"]
[BlackElo "1523"]

1. d4 d5 2. Nf3 Bf5 3. Bf4 Nc6 4. e3 Nf6 5. c4 e6 6. Nc3 Bb4 7. Be2 O-O 8. O-O
a6 9. Bd3 Bxd3 10. Qxd3 Bxc3 11. bxc3 Re8 12. h3 Ne4 13. cxd5 exd5 14. c4 Rc8
15. a4 b5 16. axb5 axb5 17. cxb5 Ne7 18. Rfc1 h6 19. Rab1 Qd7 20. b6 cxb6 21.
Rxc8 Qxc8 22. Rxb6 Qc3 23. Qe2 Qc1+ 24. Qe1 Qxe1+ 25. Nxe1 g5 26. Rb8 Rxb8 27.
Bxb8 Nc6 28. Bc7 Kh7 29. f3 Ng3 30. Bxg3 1-0

[Event "AUTO-INT-1076"]
[Site "http://www.queenalice.com/game.php?id=480005"]
[Date "2008.10.20"]
[Round "1"]
[White "dfalencar"]
[Black "SeekingBrightBuffalo"]
[Result "0-1"]
[WhiteElo "1493"]
[BlackElo "1536"]

1. e4 e5 2. Nf3 Nc6 3. Bc4 Bc5 4. O-O d6 5. h3 f5 6. Bd5 Bd7 7. Nc3 Nf6 8. Bxc6
bxc6 9. d3 fxe4 10. dxe4 O-O 11. Re1 d5 12. Bg5 h6 13. Bxf6 gxf6 14. exd5 cxd5
15. Nxd5 Bc6 16. c4 Bxd5 17. Qxd5+ Qxd5 18. cxd5 Rfd8 19. Rad1 a5 20. Re4 Rd6
21. Rc4 Bb6 22. Nh4 Rad8 23. Nf5 Kh7 24. Ne7 R8d7 25. Nf5 Rxd5 26. Rxd5 Rxd5 27.
Ne3 Rd3 28. Rc3 Rxc3 29. bxc3 Bxe3 30. c4 Bd4 31. Kf1 f5 0-1

[Event "AUTO-INT-1076"]
[Site "http://www.queenalice.com/game.php?id=480020"]
[Date "2008.10.20"]
[Round "1"]
[White "dfalencar"]
[Black "danthebugman"]
[Result "0-1"]
[WhiteElo "1517"]
[BlackElo "1976"]

1. e4 Nf6 2. Nc3 d5 3. f3 e5 4. d3 Bb4 5. Bd2 O-O 6. a3 Bxc3 7. Bxc3 Nc6 8. exd5
Nxd5 9. d4 Nxc3 10. bxc3 exd4 11. cxd4 Qh4+ 12. Kd2 Qxd4+ 13. Bd3 Bf5 0-1

[Event "AUTO-INT-1076"]
[Site "http://www.queenalice.com/game.php?id=480021"]
[Date "2008.10.20"]
[Round "1"]
[White "danthebugman"]
[Black "dfalencar"]
[Result "1-0"]
[WhiteElo "1976"]
[BlackElo "1517"]

1. e4 e5 2. Nf3 Nc6 3. Bb5 d6 4. d4 Bg4 5. dxe5 Bxf3 6. Qxf3 dxe5 7. Bxc6+ bxc6
8. O-O Nf6 9. Nc3 Bb4 10. Bg5 O-O 11. Rfd1 Bxc3 12. Rxd8 Raxd8 13. bxc3 Rd6 14.
Qe3 Rfd8 15. h3 1-0

[Event "AUTO-INT-1076"]
[Site "http://www.queenalice.com/game.php?id=480022"]
[Date "2008.10.20"]
[Round "1"]
[White "dfalencar"]
[Black "stephancharette"]
[Result "1-0"]
[WhiteElo "1517"]
[BlackElo "1415"]

1. e4 d5 2. e5 Nc6 3. Nf3 Bg4 4. Bb5 a6 5. Bxc6+ bxc6 6. d4 e6 7. O-O g6 8. h3
Bh5 9. Nc3 c5 10. Qd3 c4 11. Qe3 Nf6 12. exf6 c6 13. Ne5 Qxf6 14. Nxc6 Bd6 15.
Nxd5 Rc8 16. Nxf6+ 1-0

[Event "AUTO-INT-1076"]
[Site "http://www.queenalice.com/game.php?id=480023"]
[Date "2008.10.20"]
[Round "1"]
[White "stephancharette"]
[Black "dfalencar"]
[Result "1-0"]
[WhiteElo "1428"]
[BlackElo "1383"]

1. d4 d5 2. Nf3 Nc6 3. e3 a6 4. g3 Nf6 5. Nc3 Bg4 6. Be2 e6 7. O-O Bd6 8. a3 O-O
9. Na4 b5 10. Nc3 Rb8 11. Nb1 Bxf3 12. Bxf3 Re8 13. c3 e5 14. Qc2 e4 15. Be2 Na5
16. Nd2 h6 17. Nb3 Nxb3 18. Qxb3 c5 19. dxc5 Bxc5 20. Qa2 a5 21. b4 axb4 22.
axb4 Bf8 23. f4 exf3 24. Bxf3 Ra8 25. Qb2 Rxa1 26. Qxa1 Qa8 27. Qxa8 Rxa8 28.
Rd1 Rc8 29. Bd2 Ra8 30. Re1 Ra2 31. Re2 Ne4 32. Bxe4 dxe4 33. h4 f5 34. Kg2 Kf7
35. Kh3 Bd6 36. g4 fxg4+ 37. Kxg4 Kg6 38. h5+ Kf6 39. Rf2+ Ke6 40. Be1 Rxf2 41.
Bxf2 Be5 42. Be1 Kf6 43. c4 bxc4 44. b5 c3 45. Bxc3 1-0

[Event "AUTO-BEG-236"]
[Site "http://www.queenalice.com/game.php?id=480170"]
[Date "2008.10.20"]
[Round "2"]
[White "vivafloresta"]
[Black "dfalencar"]
[Result "0-1"]
[WhiteElo "1303"]
[BlackElo "1516"]

1. b3 e5 2. Bb2 Nc6 3. Nf3 Bc5 4. Nxe5 Nxe5 5. Bxe5 d6 6. Bxg7 Nf6 7. Bxh8 Bf5
8. Bxf6 Qxf6 9. Nc3 Bxc2 10. Ne4 Bxf2+ 11. Nxf2 Bxd1 12. Rxd1 O-O-O 13. g3 Re8
14. h4 Qb2 15. Bg2 Qxa2 16. O-O Rxe2 17. Bh3+ Kb8 18. Rfe1 Rxe1+ 19. Rxe1 a6 20.
Re7 Qxb3 21. Re8+ Ka7 22. Rc8 c5 23. Rh8 Qxg3+ 24. Bg2 Qxh4 0-1

[Event "AUTO-BEG-236"]
[Site "http://www.queenalice.com/game.php?id=480171"]
[Date "2008.10.20"]
[Round "2"]
[White "dfalencar"]
[Black "vivafloresta"]
[Result "1-0"]
[WhiteElo "1508"]
[BlackElo "1311"]

1. e4 Nf6 2. Nc3 Nc6 3. Bc4 g6 4. Nf3 Bg7 5. d3 Ng4 6. O-O Nge5 7. Nxe5 Nxe5 8.
Bb3 Nc6 9. Be3 Bxc3 10. bxc3 d6 11. Bh6 Be6 12. Bxe6 fxe6 13. d4 d5 14. e5 Rg8
15. Rb1 Na5 16. Qd3 Qd7 17. Bd2 O-O-O 18. Qb5 Qxb5 19. Rxb5 Nc4 20. Bg5 Na3 21.
Rb2 Nc4 22. Rb4 Rgf8 23. Bxe7 Nd2 24. Bxd8 Nxf1 25. Kxf1 Rxd8 26. c4 1-0

[Event "AUTO-BEG-238"]
[Site "http://www.queenalice.com/game.php?id=490669"]
[Date "2008.11.9"]
[Round "2"]
[White "dfalencar"]
[Black "Jajer"]
[Result "0-1"]
[WhiteElo "1500"]
[BlackElo "1718"]

1. e4 g6 2. d4 Nf6 3. e5 Nh5 4. Bc4 e6 5. Nf3 d5 6. Be2 Bg7 7. Nc3 O-O 8. O-O
Nc6 9. Be3 b6 10. h3 a6 11. Ng5 h6 12. Bxh5 hxg5 13. Bf3 Bh6 14. Re1 Ne7 15. b4
b5 16. a4 Bb7 17. Bg4 Nc6 0-1

[Event "AUTO-BEG-238"]
[Site "http://www.queenalice.com/game.php?id=490670"]
[Date "2008.11.9"]
[Round "2"]
[White "Jajer"]
[Black "dfalencar"]
[Result "1-0"]
[WhiteElo "1710"]
[BlackElo "1508"]

1. f4 d5 2. e3 Bf5 3. d3 Nc6 4. Nd2 Nf6 5. Ngf3 e6 6. Ng5 h6 7. Ngf3 Bd6 8. g3
O-O 9. Nh4 Bg4 10. Nhf3 Bxf3 11. Qxf3 Re8 12. Nb3 b6 13. Bd2 a5 14. a4 Qd7 15.
Bc3 Nb4 16. Nd4 Bc5 17. Bxb4 1-0

[Event "AUTO-BEG-238"]
[Site "http://www.queenalice.com/game.php?id=490671"]
[Date "2008.11.9"]
[Round "2"]
[White "dfalencar"]
[Black "PH_gga"]
[Result "0-1"]
[WhiteElo "1403"]
[BlackElo "1678"]

1. e4 e5 2. Nf3 d6 3. Bc4 Be7 4. O-O c5 5. d3 b6 6. Bd5 Be6 7. Bxe6 fxe6 8. c4
Nf6 9. Nc3 O-O 10. Bg5 Nc6 11. a3 h6 12. Bxf6 Bxf6 13. b4 cxb4 14. axb4 Nxb4 15.
Rb1 Nc6 16. Qa4 Qc8 17. Rfd1 Nd4 18. Nxd4 exd4 19. Nb5 a6 20. Na3 b5 21. cxb5
axb5 0-1

[Event "AUTO-BEG-238"]
[Site "http://www.queenalice.com/game.php?id=490672"]
[Date "2008.11.9"]
[Round "2"]
[White "PH_gga"]
[Black "dfalencar"]
[Result "1-0"]
[WhiteElo "1657"]
[BlackElo "1479"]

1. e4 e5 2. d4 f6 3. dxe5 fxe5 4. Qf3 Nf6 5. Bc4 Bc5 6. Bg5 c6 7. Nc3 b5 8. Bb3
Bb7 9. Qf5 d6 10. O-O-O Nbd7 11. Bxf6 Qxf6 12. Qxf6 Nxf6 13. Nf3 O-O-O 14. Ng5
Rdf8 15. Nf7 Rhg8 16. Nxd6+ Bxd6 17. Bxg8 Rxg8 18. Rxd6 Kc7 19. Rhd1 Bc8 20. a4
a6 21. b4 Rd8 22. Rxd8 1-0